| 000 | 00821nam a2200229Ia 4500 | ||
|---|---|---|---|
| 999 |
_c65502 _d65502 |
||
| 005 | 20240530110828.0 | ||
| 008 | 140319s1991 ua 000 0 ara d | ||
| 017 | _bمصر. دار الكتب | ||
| 040 |
_aGCL / _cGCL |
||
| 082 | 0 | 4 |
_221 _a257.1 / _bم أ |
| 100 | 0 | _aمحمد الخير عبدالقادر | |
| 245 | 1 | 2 |
_aالاسلام والغرب : _bدراسة فى قضايا الفكر المعاصر / _cمحمد الخير عبدالقادر |
| 260 |
_aبيروت : _bدار الجيل، _c1991 |
||
| 300 |
_a352 ص ؛ _c24 سم . |
||
| 650 | 0 | 4 |
_aالاسلام _2qrmak |
| 650 | 0 | 4 |
_aالشريعة الاسلامية _2qrmak |
| 650 | 0 | 4 |
_aالنظام السياسى _2qrmak |
| 650 | 0 | 4 |
_aنظام الحكم _2qrmak |
| 651 | _2qrmak | ||
| 942 |
_2ddc _cBK |
||